000 00600nam a2200193Ia 4500
003 GCL
008 140319s9999 xx 000 0 ara d
040 _aGCL /
_cGCL
082 0 4 _aق
_b953.08
_bم ت
100 1 _aموير , وليم
245 1 0 _aتاريخ دولة المماليك فى مصر /
_cموير , وليم
300 _a220
490 _aصفحات من تاريخ مصر
_v0
650 0 4 _aالمماليك الجراكسة
650 0 4 _aالمماليك
650 0 4 _aالمماليك البحرية
650 0 4 _aالمماليك الجراكسة(1517-1382)
942 _2ddc
_cBK
999 _c38912
_d38912